00415nam a2200097Ia 4500008004100000040002900041050002700070100002800097245015800125260003400283230222s9999||||xx |||||||||||||| ||und|| cChuka University Library aTHE LB 1051 bM38 2015 aMathiu ,Esther Wanjiru. 0aImpact of grief on academic performance and psycological competence of bereaved student in public secondary school in Buuri sub county,Meru county Kenya aCHUKA UNIVERSITYbCHUKAc2015